000 nam a22 7a 4500
999 _c126658
_d126658
008 170816b xxu||||| |||| 00| 0 eng d
020 _a9780334029465
050 _aBX2250.M123 2004
100 _aMcCarthy, David Matzko
_934774
245 _aSex and love in the home
_bA theology of the household
_cdavid Matzko McCarthy
250 _a2nd. ed.
260 _aLondon
_bScm press
_c2004
300 _axiv, 297p. ;
_c22cm.
650 _aMarriage
_xCatholic Church
_923941
942 _2lcc
_cMONOGRAPH